Gaming Quiz

Random Gaming Quiz

LCS 2015 Spring Split Quiz Stats

 Plays Quiz not verified by Sporcle

Also try: Is It Checkmate?
Challenge
Share
Tweet
Embed
Score 0/100 Timer 20:00
0 Plays Today
Position Name % Correct
CLGDoublelift
90.2%
CLGAphromoo
90.2%
Team SoloMidBjergsen
88.7%
Team SoloMidDyrus
88%
CLGZionSpartan
86.5%
Cloud9Balls
86.5%
Cloud9Hai
86.5%
Cloud9Meteos
85.7%
Cloud9Sneaky
85.7%
Cloud9LemonNation
85.7%
Team SoloMidWildTurtle
85.7%
Team SoloMidSantorin
84.2%
LiquidPiglet
82.7%
ElementsFroggen
82%
FnaticHuni
82%
FnaticFebiven
82%
FnaticYellOwStaR
82%
CLGXmithie
81.2%
Team SoloMidLustBoy
81.2%
ElementsRekkles
81.2%
CLGLink
80.5%
LiquidIWillDominate
78.2%
FnaticReignover
78.2%
WinterfoxPobelter
77.4%
LiquidXpecial
76.7%
SKFORG1VEN
76.7%
SKSvenskeren
74.4%
LiquidQuas
73.7%
DignitasKiWiKiD
72.9%
FnaticSteelback
72.2%
ImpulseImpact
71.4%
LiquidFenix
71.4%
ImpulseXiaoWeiXiao
70.7%
GambitDiamond
69.9%
Position Name % Correct
Unicorns of LovePowerOfEvil
69.9%
ImpulseRush
68.4%
GravityBunny Fufuu
67.7%
WinterfoxAltec
67.7%
ImpulseApollo
66.9%
SKnRated
65.4%
GravityCop
64.7%
ElementsWickd
64.7%
SKFredy
63.9%
H2kRyu
63.2%
SKFox
63.2%
Unicorns of LoveKikis
63.2%
GravityKeane
62.4%
DignitasShiphtur
61.7%
ElementsShook
61.7%
ElementsNyph
61.7%
ROCCATJankos
60.9%
Team8Maplestreet
60.2%
GravityHauntzer
59.4%
GravitySaintvicious
59.4%
ImpulseAdrian
58.6%
GambitEdward
58.6%
ROCCATVandeR
56.4%
WinterfoxHelios
54.1%
GambitCabochard
53.4%
DignitasCore JJ
51.9%
Copenhagen WolvesFreeze
50.4%
GambitP1noy
49.6%
ROCCATNukeduck
49.6%
DignitasGamsu
48.9%
DignitasCrumbzz
48.9%
CoastCris
48.9%
H2kloulex
48.9%
ROCCATWoolite
48.9%
Position Name % Correct
CoastImpaler
48.1%
ROCCATOverpow
46.6%
Unicorns of LoveVardags
45.1%
Team8Slooshi
43.6%
GambitniQ
43.6%
GIANTSpePiiNeRo
43.6%
Unicorns of LoveHylissang
42.9%
Copenhagen WolvesSorenxD
42.9%
CoastMash
42.1%
Copenhagen WolvesAirwaks
41.4%
CoastJesiz
40.6%
CoastSheep
40.6%
Unicorns of LoveVizicsacsi
40.6%
WinterfoxAvalon
39.8%
Team8Dodo
39.8%
Copenhagen WolvesYoungBuck
39.8%
MeetYourMakersMrRalleZ
39.8%
WinterfoxImagine
39.1%
Team8CaliTrlolz
38.3%
Copenhagen WolvesUnlimited
38.3%
MeetYourMakersMimer
37.6%
GIANTSAdryh
35.3%
GIANTSWerlyb
34.6%
MeetYourMakersH0R0
33.1%
Team8Porpoise
31.6%
H2kVoidle
29.3%
GIANTSRydle
27.8%
MeetYourMakersBlizer300
21.8%
MeetYourMakersNisbeth
18.8%
H2kOdamne
15.8%
H2kHjarnen
15.8%
GIANTSFr3dric
6.8%

You're not logged in!

Compare scores with friends on all Sporcle quizzes.
Join for Free
OR
Log In

You Might Also Like...

Show Comments

Extras

Created Jan 30, 2015ReportNominate
Tags:2015, lcs, player, spring, team

Top Quizzes Today


Score Distribution

Your Account Isn't Verified!

In order to create a playlist on Sporcle, you need to verify the email address you used during registration. Go to your Sporcle Settings to finish the process.

Report this User

Report this user for behavior that violates our Community Guidelines.

Details: